Nuestra Señora de Lourdes / (Record no. 89612)

MARC details
000 -LEADER
campo de control de longitud fija 00672nam a2200193 i 4500
001 - NÚMERO DE CONTROL
campo de control 89612
003 - IDENTIFICADOR DE NÚMERO DE CONTROL
campo de control ES-MaACL
005 - FECHA Y HORA DE LA ÚLTIMA TRANSACCIÓN
campo de control 20230906180231.0
007 - CAMPO FIJO DE DESCRIPCIÓN FÍSICA--INFORMACIÓN GENERAL
campo de control de longitud fija t|
008 - DATOS DE LONGITUD FIJA--INFORMACIÓN GENERAL
campo de control de longitud fija 050111s1958 sp ||||1| spa d
100 1# - ENTRADA PRINCIPAL--NOMBRE DE PERSONA
Nombre de persona Lasserre, Henri.
9 (RLIN) 70469
245 10 - MENCIÓN DEL TÍTULO
Título Nuestra Señora de Lourdes /
Mención de responsabilidad, etc. por Enrique Lasserre ; obra honrada con un breve de su Santidad Pío IX ; traducción de Francisco Melgar.
250 ## - MENCION DE EDICION
Mención de edición 7ª ed.
260 ## - PUBLICACIÓN, DISTRIBUCIÓN, ETC.
Lugar de publicación, distribución, etc. Madrid :
Nombre del editor, distribuidor, etc. Hijos de Gregorio del Amo,
Fecha de publicación, distribución, etc. 1958.
300 ## - DESCRIPCIÓN FÍSICA
Extensión 402 p. ;
Dimensiones 19 cm.
650 #4 - PUNTO DE ACCESO ADICIONAL DE MATERIA--TÉRMINO DE MATERIA
Término de materia o nombre geográfico como elemento de entrada Virgen de Lourdes-
Subdivisión general Apariciones y milagros.
9 (RLIN) 154615
700 1# - ENTRADA AGREGADA--NOMBRE PERSONAL
Nombre de persona Melgar, Francisco (
Fechas asociadas al nombre 1903-1971)
9 (RLIN) 79948
852 ## - LOCALIZACIÓN
Ubicación ES-MaACL
Número de control de estantería C-15162
Sublocalización o colección R.42701
Holdings
Estatus retirado Estado de pérdida Estado de daño No para préstamo Biblioteca de origen Biblioteca actual Ubicación en estantería Fecha de adquisición Fuente de adquisición Total de préstamos Signatura topográfica completa Código de barras Visto por última vez Precio de reemplazo Tipo de ítem Koha
        Biblioteca del Ateneo de Madrid Biblioteca del Ateneo de Madrid Depósito 17/01/2008     C_15162 1093588 23/02/2023 23/02/2023 Libro impreso